00641nam a2200217 450000100060000000300080000600500170001400800410003103500140007204000260008604100080011208200240012010000200014424500310016426000400019530000310023549000560026665000250032265000220034783000540036953535BD-RjUL20211209075958.0190226s1954 enk||||| |||| 00| 0 eng d a(BD-RjUL) aBD-RjULbengcBD-RjUL aeng 223a634.9bCHF 1954 aChampion, H.G.  aForestry /cH.G. Champion. aLondon :bOxford Univ. Pr., c1954. aVI, 230 p.:bill.;c19 cm. aHome University Library of modern knowledge, v226. aForests and forestry aForest management aHome University Library of modern knowledge, 226.